| 000 | 02069nam0a2200457 4500 | ||
|---|---|---|---|
| 001 | RU\NLR\bibl\860093 | ||
| 005 | 20260405084253.0 | ||
| 010 |
_a5-89016-173-3 _9500 |
||
| 021 |
_aRU _b2005-32858 _91648 |
||
| 035 | _a(nilc)RSL-KNO-002670390 | ||
| 035 | _a(NLR Aleph) 000848785 | ||
| 090 |
_a1466688 _c1466688 |
||
| 100 | _a20050531d2004 |||y0rusy50 ca | ||
| 101 | 0 |
_arus _eeng _deng |
|
| 102 | _aRU | ||
| 105 | _ay ||||||||| | ||
| 106 | _ar | ||
| 200 | 1 |
_aМалое предпринимательство в транзитарной экономике России _dSmall business in Russia's transitional economy _fВ.Д. Мамонтов _zeng |
|
| 210 |
_aСамара _cЭкон. науки _aТамбов _cИзд-во ТГУ _d2004 |
||
| 215 |
_a365 с. _cсхемы, табл. _d21 |
||
| 300 | _aАвт. также на англ. яз.: V.D. Mamontov | ||
| 300 | _aРез. на англ. яз. | ||
| 320 | _aБиблиогр.: с. 343-365 (284 назв.) и в подстроч. прим. | ||
| 510 | 0 |
_6z11790 _aSmall business in Russia's transitional economy _zeng |
|
| 606 | 1 |
_aПредпринимательство малое _yРоссийская Федерация _92073886 _3RU\NLR\auth\661248836 |
|
| 606 | 1 |
_aТранзитивная экономика _yРоссийская Федерация _92120430 _3RU\NLR\auth\661280483 |
|
| 610 | 0 | _aЭкономика -- Российская Федерация -- Предпринимательство | |
| 610 | 0 | _aмалое предпринимательство | |
| 686 |
_aУ9(2)29,0 _2rubbk |
||
| 686 | _aУ9(2)-13(2Р) | ||
| 686 | _aУ9(2)-17(2Р) | ||
| 700 | 1 |
_4070 _8rus _7ca _aМамонтов _bВ. Д. _f1959-2020 _gВладимир Дмитриевич _3RU\NLR\AUTH\7730538 _913556 |
|
| 790 | 1 |
_4070 _8rus _7ba _aMamontov _bV. D. _gVladimir Dmitrievič _3RU\NLR\auth\7730539 _913557 |
|
| 801 | 0 |
_aRU _bRuMoRKP _c20050531 _grcr |
|
| 801 | 1 |
_aRU _bRuMoRGB _c20050531 |
|
| 801 | 2 |
_aRU _bNLR _c20051026 _grcr |
|
| 942 | _cBOOK | ||
| 980 | _aNB | ||
| 980 | _aNBR | ||